[Event "Szmetan-Giardelli Super"]
[Site "Buenos Aires ARG"]
[Date "2019.12.02"]
[Round "2.3"]
[White "Ricardi, P."]
[Black "Delgado Ramirez, N."]
[Result "0-1"]
[WhiteElo "2493"]
[BlackElo "2628"]
[PlyCount "110"]
[EventDate "2019.12.01"]
[EventType "tourn"]
[EventRounds "11"]
[EventCountry "ARG"]
[EventCategory "13"]
[SourceTitle "The Week in Chess 1309"]
[Source "Mark Crowther"]
[SourceDate "2019.12.10"]
[SourceVersion "1"]
[SourceVersionDate "2019.12.10"]
[SourceQuality "2"]

1. Nf3 d5 2. c4 d4 3. g3 g6 4. Bg2 Bg7 5. O-O e5 6. d3 Ne7 7. e3 dxe3 8. fxe3
e4 9. Ng5 Qxd3 10. Qxd3 exd3 11. Rxf7 Rg8 12. Rf2 Nbc6 13. Nc3 h6 14. Nge4 Bf5
15. Bd2 O-O-O 16. h3 Kb8 17. g4 Bc8 18. Nf6 Bxf6 19. Rxf6 Ne5 20. b3 h5 21.
gxh5 gxh5 22. Kh2 Nf5 23. Rf1 Nh4 24. Be4 Rg7 25. Rf8 Nef3+ 26. R1xf3 Rg2+ 27.
Kh1 Rxf8 28. Rxf8 Rxd2 29. Rd8 c6 30. Rxd3 Rb2 31. Rd8 Kc7 32. Rf8 Bxh3 33. Rf4
Bg4 34. Kg1 Kd6 35. Rf2 Rxf2 36. Kxf2 Ke5 37. Kg3 Nf5+ 38. Bxf5 Bxf5 39. Kh4
Bg4 40. b4 b6 41. Kg5 Be6 42. a3 Bf7 43. c5 b5 44. Kh4 Kf5 45. Kg3 Be8 46. Kh4
Bg6 47. a4 bxa4 48. Nxa4 Be8 49. Nc3 a6 50. Kg3 Bf7 51. Kh4 Bg6 52. Ne2 Ke4 53.
Nd4 Be8 54. Nxc6 Bxc6 55. Kxh5 Kxe3 0-1

[Event "Szmetan-Giardelli Super"]
[Site "Buenos Aires ARG"]
[Date "2019.12.03"]
[Round "3.4"]
[White "Delgado Ramirez, N."]
[Black "Santiago, Y."]
[Result "1-0"]
[WhiteElo "2628"]
[BlackElo "2479"]
[PlyCount "43"]
[EventDate "2019.12.01"]
[EventType "tourn"]
[EventRounds "11"]
[EventCountry "ARG"]
[EventCategory "13"]
[SourceTitle "The Week in Chess 1309"]
[Source "Mark Crowther"]
[SourceDate "2019.12.10"]
[SourceVersion "1"]
[SourceVersionDate "2019.12.10"]
[SourceQuality "2"]

1. e4 e6 2. d4 d5 3. exd5 exd5 4. c4 Nf6 5. Nc3 Bb4 6. Bg5 h6 7. Bxf6 Qxf6 8.
cxd5 O-O 9. Nf3 Re8+ 10. Be2 Qg6 11. O-O Bxc3 12. bxc3 Bh3 13. Ne1 Bf5 14. Nd3
Nd7 15. g3 Qd6 16. Nf4 Nf6 17. c4 Ne4 18. Rc1 Qa3 19. Bd3 Qxa2 20. f3 Nd6 21.
c5 Bxd3 22. Qxd3 1-0

[Event "Szmetan-Giardelli Super"]
[Site "Buenos Aires ARG"]
[Date "2019.12.04"]
[Round "4.4"]
[White "Mareco, S."]
[Black "Delgado Ramirez, N."]
[Result "1/2-1/2"]
[WhiteElo "2634"]
[BlackElo "2628"]
[PlyCount "41"]
[EventDate "2019.12.01"]
[EventType "tourn"]
[EventRounds "11"]
[EventCountry "ARG"]
[EventCategory "13"]
[SourceTitle "The Week in Chess 1309"]
[Source "Mark Crowther"]
[SourceDate "2019.12.10"]
[SourceVersion "1"]
[SourceVersionDate "2019.12.10"]
[SourceQuality "2"]

1. Nf3 d5 2. e3 g6 3. c4 Nf6 4. d4 Bg7 5. cxd5 Nxd5 6. e4 Nb6 7. Nc3 Bg4 8. Be3
Nc6 9. d5 Ne5 10. Be2 Nxf3+ 11. gxf3 Bh3 12. Qb3 O-O 13. Rd1 Qc8 14. a4 c6 15.
a5 Nd7 16. Rg1 Nf6 17. f4 Kh8 18. Bd4 cxd5 19. e5 Ng8 20. Qxd5 Bd7 21. Qc5
1/2-1/2

[Event "Szmetan-Giardelli Super"]
[Site "Buenos Aires ARG"]
[Date "2019.12.05"]
[Round "5.3"]
[White "Delgado Ramirez, N."]
[Black "Granda Zuniga, J."]
[Result "1/2-1/2"]
[WhiteElo "2628"]
[BlackElo "2644"]
[PlyCount "27"]
[EventDate "2019.12.01"]
[EventType "tourn"]
[EventRounds "11"]
[EventCountry "ARG"]
[EventCategory "13"]
[SourceTitle "The Week in Chess 1309"]
[Source "Mark Crowther"]
[SourceDate "2019.12.10"]
[SourceVersion "1"]
[SourceVersionDate "2019.12.10"]
[SourceQuality "2"]

1. e4 e5 2. Nf3 Nf6 3. Nxe5 d6 4. Nd3 Nxe4 5. Qe2 Qe7 6. Nf4 Nf6 7. Nc3 Bf5 8.
Nfd5 Nxd5 9. Nxd5 Qxe2+ 10. Bxe2 Kd8 11. Ne3 Be6 12. d4 d5 13. O-O Nc6 14. c3
1/2-1/2

[Event "Szmetan-Giardelli Super"]
[Site "Buenos Aires ARG"]
[Date "2019.12.07"]
[Round "7.2"]
[White "Delgado Ramirez, N."]
[Black "Henriquez Villagra, C."]
[Result "1/2-1/2"]
[WhiteElo "2628"]
[BlackElo "2593"]
[PlyCount "81"]
[EventDate "2019.12.01"]
[EventType "tourn"]
[EventRounds "11"]
[EventCountry "ARG"]
[EventCategory "13"]
[SourceTitle "The Week in Chess 1309"]
[Source "Mark Crowther"]
[SourceDate "2019.12.10"]
[SourceVersion "1"]
[SourceVersionDate "2019.12.10"]
[SourceQuality "2"]

1. b3 Nf6 2. Bb2 g6 3. g3 Bg7 4. Bg2 d6 5. c4 e5 6. Nc3 O-O 7. e4 Nc6 8. Nge2
h5 9. h3 Nd4 10. d3 c5 11. Nxd4 cxd4 12. Ne2 h4 13. g4 b5 14. O-O bxc4 15. bxc4
g5 16. Ba3 Re8 17. Qd2 Nh7 18. Rab1 Bf8 19. Rb3 Be6 20. Rfb1 Be7 21. Bf3 Nf8
22. Kh2 Nd7 23. Ng1 Qc8 24. Rb5 Rb8 25. Rxb8 Nxb8 26. Bd1 Qa6 27. Qc1 Nd7 28.
Nf3 f6 29. Rb5 Nc5 30. Bxc5 dxc5 31. Qb2 Bd7 32. Rb3 Ra8 33. Ra3 Qc8 34. Ba4
Be6 35. Rb3 Bd6 36. Rb7 Rb8 37. Bc6 Rxb7 38. Bxb7 Qb8 39. Qb5 Kf8 40. Nd2 Qc7
41. Bd5 1/2-1/2

[Event "Szmetan-Giardelli Super"]
[Site "Buenos Aires ARG"]
[Date "2019.12.08"]
[Round "8.6"]
[White "Pichot, A."]
[Black "Delgado Ramirez, N."]
[Result "1/2-1/2"]
[WhiteElo "2598"]
[BlackElo "2628"]
[PlyCount "38"]
[EventDate "2019.12.01"]
[EventType "tourn"]
[EventRounds "11"]
[EventCountry "ARG"]
[EventCategory "13"]
[SourceTitle "The Week in Chess 1309"]
[Source "Mark Crowther"]
[SourceDate "2019.12.10"]
[SourceVersion "1"]
[SourceVersionDate "2019.12.10"]
[SourceQuality "2"]

1. e4 c5 2. Nf3 d6 3. d4 cxd4 4. Nxd4 Nf6 5. Nc3 a6 6. f3 e5 7. Nb3 Be6 8. Be3
Be7 9. Qd2 O-O 10. O-O-O Nbd7 11. g4 b5 12. g5 Nh5 13. Nd5 Bxd5 14. exd5 f6 15.
Na5 fxg5 16. Nc6 Qe8 17. Kb1 Nf4 18. c4 bxc4 19. Bxc4 Bf6 1/2-1/2

[Event "Szmetan-Giardelli Super"]
[Site "Buenos Aires ARG"]
[Date "2019.12.01"]
[Round "1.5"]
[White "Delgado Ramirez, N."]
[Black "Perez Ponsa, F."]
[Result "1/2-1/2"]
[WhiteElo "2628"]
[BlackElo "2566"]
[PlyCount "56"]
[EventDate "2019.12.01"]
[EventType "tourn"]
[EventRounds "11"]
[EventCountry "ARG"]
[EventCategory "13"]
[SourceTitle "The Week in Chess 1308"]
[Source "Mark Crowther"]
[SourceDate "2019.12.02"]
[SourceVersion "1"]
[SourceVersionDate "2019.12.02"]
[SourceQuality "2"]

1. e4 e5 2. Nf3 Nc6 3. Nc3 Nf6 4. a3 d5 5. Bb5 Nxe4 6. Nxe5 Qg5 7. Nxc6 Qxg2 8.
Rf1 a6 9. Ba4 Nxc3 10. dxc3 Qe4+ 11. Qe2 Qxe2+ 12. Kxe2 Bd7 13. Bf4 Bxc6 14.
Bxc6+ bxc6 15. Bxc7 Kd7 16. Bg3 Bd6 17. Kd3 Rhe8 18. Rae1 Re6 19. c4 Rae8 20.
Rxe6 fxe6 21. Rg1 e5 22. cxd5 cxd5 23. c4 dxc4+ 24. Kxc4 Rc8+ 25. Kd3 Rb8 26.
Kc3 Rc8+ 27. Kd3 Rb8 28. Kc3 Rc8+ 1/2-1/2

[Event "ch-PAR 2019"]
[Site "Asuncion PAR"]
[Date "2019.11.24"]
[Round "7.5"]
[White "Delgado Ramirez, N."]
[Black "Mayeregger, Arnold"]
[Result "1-0"]
[WhiteElo "2619"]
[BlackElo "2151"]
[PlyCount "57"]
[EventDate "2019.11.18"]
[EventType "tourn"]
[EventRounds "9"]
[EventCountry "PAR"]
[EventCategory "5"]
[SourceTitle "The Week in Chess 1308"]
[Source "Mark Crowther"]
[SourceDate "2019.12.02"]
[SourceVersion "1"]
[SourceVersionDate "2019.12.02"]
[SourceQuality "2"]

1. e4 c5 2. Nf3 Nc6 3. Bb5 g6 4. Bxc6 dxc6 5. d3 Bg7 6. h3 Nf6 7. Nc3 e5 8.
Nxe5 Nxe4 9. Nxe4 Bxe5 10. O-O O-O 11. Re1 Bg7 12. Nxc5 Qd5 13. Ne4 Bf5 14. Nc3
Qd7 15. Bf4 Rfe8 16. Qd2 b5 17. Rab1 a5 18. Ne4 Qd5 19. Nd6 Rxe1+ 20. Rxe1 Be6
21. b3 a4 22. Ne4 axb3 23. axb3 Qd4 24. Bh6 Ra2 25. Qf4 Be5 26. Qh4 Ra1 27. Kf1
Rxe1+ 28. Kxe1 f5 29. Qe7 1-0

[Event "ch-PAR 2019"]
[Site "Asuncion PAR"]
[Date "2019.11.25"]
[Round "8.2"]
[White "Almiron, A."]
[Black "Delgado Ramirez, N."]
[Result "0-1"]
[WhiteElo "2372"]
[BlackElo "2619"]
[PlyCount "44"]
[EventDate "2019.11.18"]
[EventType "tourn"]
[EventRounds "9"]
[EventCountry "PAR"]
[EventCategory "5"]
[SourceTitle "The Week in Chess 1308"]
[Source "Mark Crowther"]
[SourceDate "2019.12.02"]
[SourceVersion "1"]
[SourceVersionDate "2019.12.02"]
[SourceQuality "2"]

1. Nf3 Nf6 2. c4 e6 3. e3 c5 4. Nc3 Nc6 5. d4 d5 6. cxd5 exd5 7. Be2 cxd4 8.
Nxd4 Bd6 9. O-O O-O 10. b3 Re8 11. Bb2 a6 12. Bf3 Bc7 13. Rc1 Ne5 14. Bxd5 Qd6
15. g3 Nxd5 16. Nxd5 Qxd5 17. Rxc7 Bh3 18. f3 Bxf1 19. Kxf1 Ng4 20. Kg1 Nxe3
21. Qd3 Rad8 22. Qc3 Nd1 0-1

[Event "ch-PAR 2019"]
[Site "Asuncion PAR"]
[Date "2019.11.26"]
[Round "9.4"]
[White "Delgado Ramirez, N."]
[Black "Cubas, Jo"]
[Result "1/2-1/2"]
[WhiteElo "2619"]
[BlackElo "2476"]
[PlyCount "29"]
[EventDate "2019.11.18"]
[EventType "tourn"]
[EventRounds "9"]
[EventCountry "PAR"]
[EventCategory "5"]
[SourceTitle "The Week in Chess 1308"]
[Source "Mark Crowther"]
[SourceDate "2019.12.02"]
[SourceVersion "1"]
[SourceVersionDate "2019.12.02"]
[SourceQuality "2"]

1. e4 e6 2. d4 d5 3. exd5 exd5 4. Bd3 Bd6 5. Nf3 Nc6 6. c3 Nge7 7. Bg5 f6 8.
Bh4 Bf5 9. Bg3 Qd7 10. Bxd6 Qxd6 11. Bxf5 Nxf5 12. Qe2+ Qe7 13. Nbd2 O-O 14.
Qxe7 Ncxe7 15. O-O-O 1/2-1/2

[Event "ch-PAR 2019"]
[Site "Asuncion PAR"]
[Date "2019.11.18"]
[Round "1.3"]
[White "Franco Ocampos, Z."]
[Black "Delgado Ramirez, N."]
[Result "0-1"]
[WhiteElo "2458"]
[BlackElo "2619"]
[PlyCount "56"]
[EventDate "2019.11.18"]
[EventType "tourn"]
[EventRounds "9"]
[EventCountry "PAR"]
[EventCategory "5"]
[SourceTitle "The Week in Chess 1307"]
[Source "Mark Crowther"]
[SourceDate "2019.11.25"]
[SourceVersion "1"]
[SourceVersionDate "2019.11.25"]
[SourceQuality "2"]

1. d4 Nf6 2. c4 e6 3. Nc3 Bb4 4. e3 O-O 5. Bd3 d5 6. Nge2 Re8 7. O-O b6 8. a3
Bf8 9. e4 dxe4 10. Nxe4 Bb7 11. Qc2 Nbd7 12. Rd1 h6 13. Bf4 e5 14. Bg3 Nxe4 15.
Bxe4 Bxe4 16. Qxe4 exd4 17. Qc2 c5 18. Nf4 Bd6 19. b4 Bxf4 20. Bxf4 Qf6 21. Bg3
Re7 22. h3 Rae8 23. Qa4 h5 24. h4 Ne5 25. bxc5 bxc5 26. Rab1 Ng4 27. Qa5 Qg6
28. Rbc1 Qf5 0-1

[Event "ch-PAR 2019"]
[Site "Asuncion PAR"]
[Date "2019.11.19"]
[Round "2.3"]
[White "Delgado Ramirez, N."]
[Black "Benitez Galeano, Alejandro"]
[Result "1-0"]
[WhiteElo "2619"]
[BlackElo "2174"]
[PlyCount "57"]
[EventDate "2019.11.18"]
[EventType "tourn"]
[EventRounds "9"]
[EventCountry "PAR"]
[EventCategory "5"]
[SourceTitle "The Week in Chess 1307"]
[Source "Mark Crowther"]
[SourceDate "2019.11.25"]
[SourceVersion "1"]
[SourceVersionDate "2019.11.25"]
[SourceQuality "2"]

1. e4 c5 2. Nf3 e6 3. d4 cxd4 4. Nxd4 Nc6 5. Nc3 Qc7 6. Be3 a6 7. Qf3 Nf6 8.
O-O-O Ne5 9. Qg3 b5 10. a3 h5 11. f4 Neg4 12. e5 Nxe3 13. Qxe3 Ng4 14. Qg3 g5
15. Kb1 gxf4 16. Qxf4 Qxe5 17. Qf3 Rb8 18. Nc6 dxc6 19. Qxc6+ Ke7 20. Bxb5 Kf6
21. Rde1 Qd4 22. Rhf1+ Kg6 23. Bd3+ Kg7 24. Qc7 Rb7 25. Rxf7+ Kh6 26. Qxb7 Bxb7
27. Rxe6+ Kg5 28. g3 Nf6 29. Ne2 1-0

[Event "ch-PAR 2019"]
[Site "Asuncion PAR"]
[Date "2019.11.20"]
[Round "3.4"]
[White "Jodorcovsky, P."]
[Black "Delgado Ramirez, N."]
[Result "0-1"]
[WhiteElo "2188"]
[BlackElo "2619"]
[PlyCount "60"]
[EventDate "2019.11.18"]
[EventType "tourn"]
[EventRounds "9"]
[EventCountry "PAR"]
[EventCategory "5"]
[SourceTitle "The Week in Chess 1307"]
[Source "Mark Crowther"]
[SourceDate "2019.11.25"]
[SourceVersion "1"]
[SourceVersionDate "2019.11.25"]
[SourceQuality "2"]

1. d4 Nf6 2. c4 e6 3. Nc3 Bb4 4. Qc2 d5 5. cxd5 exd5 6. Bg5 h6 7. Bxf6 Qxf6 8.
a3 Bxc3+ 9. Qxc3 c6 10. Nf3 Bf5 11. e3 Nd7 12. Be2 g5 13. b4 h5 14. Nd2 g4 15.
Rc1 a6 16. Bd3 h4 17. Nb3 Bxd3 18. Qxd3 Nb6 19. h3 Rg8 20. Nc5 O-O-O 21. Nxa6
Nc4 22. Nc5 gxh3 23. gxh3 Rde8 24. Qe2 Rg2 25. Rc3 Qf5 26. e4 Qg6 27. Rxc4 dxc4
28. Qxc4 Rg5 29. f3 Rg2 30. Nd3 Qg3+ 0-1

[Event "ch-PAR 2019"]
[Site "Asuncion PAR"]
[Date "2019.11.21"]
[Round "4.2"]
[White "Delgado Ramirez, N."]
[Black "Vazquez, Guillermo"]
[Result "1-0"]
[WhiteElo "2619"]
[BlackElo "2501"]
[PlyCount "87"]
[EventDate "2019.11.18"]
[EventType "tourn"]
[EventRounds "9"]
[EventCountry "PAR"]
[EventCategory "5"]
[SourceTitle "The Week in Chess 1307"]
[Source "Mark Crowther"]
[SourceDate "2019.11.25"]
[SourceVersion "1"]
[SourceVersionDate "2019.11.25"]
[SourceQuality "2"]

1. Nf3 d5 2. e3 Nf6 3. c4 e6 4. b3 Bd6 5. Bb2 O-O 6. Nc3 a6 7. g4 Nxg4 8. Rg1
f5 9. h3 Nf6 10. cxd5 e5 11. Qc2 Qe7 12. Ng5 c6 13. Ne6 Bxe6 14. dxe6 Qxe6 15.
Bc4 Nd5 16. e4 fxe4 17. Qxe4 Kh8 18. Nxd5 cxd5 19. Bxd5 Qe7 20. Bxb7 Ra7 21.
Bd5 Nd7 22. Bc4 Nf6 23. Qe2 a5 24. O-O-O Ba3 25. Bxa3 Qxa3+ 26. Kb1 Re7 27. Rg5
e4 28. Qe3 Rc8 29. Qb6 Rd7 30. Rxa5 Qe7 31. Qe6 Qd8 32. Ra6 h6 33. Bb5 Rd5 34.
Bc4 Rdc5 35. Qd6 Qe8 36. Qd4 Qg6 37. Ka1 Qg5 38. Rd6 Kh7 39. Re1 Qf4 40. Rg1
R5c7 41. Kb1 Rxc4 42. bxc4 Rxc4 43. Qxc4 Qxd6 44. Qf7 1-0

[Event "ch-PAR 2019"]
[Site "Asuncion PAR"]
[Date "2019.11.22"]
[Round "5.5"]
[White "Bachmann, Ax"]
[Black "Delgado Ramirez, N."]
[Result "1/2-1/2"]
[WhiteElo "2611"]
[BlackElo "2619"]
[PlyCount "34"]
[EventDate "2019.11.18"]
[EventType "tourn"]
[EventRounds "9"]
[EventCountry "PAR"]
[EventCategory "5"]
[SourceTitle "The Week in Chess 1307"]
[Source "Mark Crowther"]
[SourceDate "2019.11.25"]
[SourceVersion "1"]
[SourceVersionDate "2019.11.25"]
[SourceQuality "2"]

1. Nf3 Nf6 2. c4 g6 3. d4 Bg7 4. g3 O-O 5. Bg2 c6 6. Nc3 d5 7. Qb3 Qb6 8. O-O
Be6 9. Ng5 dxc4 10. Qa4 Bd7 11. Qxc4 h6 12. Nf3 Bf5 13. Ne5 Be6 14. Qa4 Rd8 15.
Rd1 Na6 16. b3 Ng4 17. Nxg4 Bxg4 1/2-1/2

[Event "ch-PAR 2019"]
[Site "Asuncion PAR"]
[Date "2019.11.23"]
[Round "6.1"]
[White "Cantero, Rodolfo"]
[Black "Delgado Ramirez, N."]
[Result "0-1"]
[WhiteElo "2123"]
[BlackElo "2619"]
[PlyCount "62"]
[EventDate "2019.11.18"]
[EventType "tourn"]
[EventRounds "9"]
[EventCountry "PAR"]
[EventCategory "5"]
[SourceTitle "The Week in Chess 1307"]
[Source "Mark Crowther"]
[SourceDate "2019.11.25"]
[SourceVersion "1"]
[SourceVersionDate "2019.11.25"]
[SourceQuality "2"]

1. d4 Nf6 2. Bg5 e6 3. e4 c5 4. d5 d6 5. Nc3 a6 6. Nf3 Be7 7. Qd2 e5 8. a4 Nh5
9. Be3 O-O 10. Be2 g6 11. Bh6 Re8 12. h4 Nd7 13. g4 Nf4 14. Bxf4 exf4 15. g5
Bf8 16. Qxf4 Bg7 17. a5 b5 18. Qxd6 b4 19. Nd1 Rxe4 20. Nd2 Re5 21. Nc4 Bb7 22.
Nb6 Qe8 23. Ne3 Nxb6 24. axb6 Rxe3 25. fxe3 Qxe3 26. Qh2 Be5 27. Qg2 Bg3+ 28.
Kd1 Bf4 29. Bf3 Re8 30. Qe2 Qd4+ 31. Qd3 Qxb2 0-1

[Event "Chess24 Banter Blitz Cup"]
[Site "chess24.com INT"]
[Date "2019.10.01"]
[Round "1.1"]
[White "Delgado Ramirez, N."]
[Black "Ramirez, Alej"]
[Result "1/2-1/2"]
[WhiteElo "2615"]
[BlackElo "2589"]
[PlyCount "73"]
[EventDate "2019.09.25"]
[EventType "k.o. (blitz)"]
[EventRounds "7"]
[SourceTitle "The Week in Chess 1301"]
[Source "Mark Crowther"]
[SourceDate "2019.10.14"]
[SourceVersion "2"]
[SourceVersionDate "2019.10.21"]
[SourceQuality "2"]

1. e4 c5 2. Nf3 e6 3. Nc3 Nc6 4. Bb5 Qc7 5. O-O a6 6. Bxc6 Qxc6 7. Re1 b5 8. d4
cxd4 9. Nd5 Nf6 10. Nxd4 Qb7 11. Nf5 Nxd5 12. exd5 g6 13. dxe6 dxe6 14. Nd6+
Bxd6 15. Qxd6 Qd7 16. Qb4 Bb7 17. Bg5 a5 18. Qc3 Qd5 19. f3 Qxg5 20. Qxh8+ Ke7
21. Qc3 Rc8 22. Qd3 Rd8 23. Qe3 Qxe3+ 24. Rxe3 Rd2 25. Rc3 Bd5 26. a3 h5 27. h3
h4 28. Rf1 b4 29. axb4 axb4 30. Rc7+ Kd6 31. Rxf7 Rxc2 32. Rf2 b3 33. Rf8 Rc1+
34. Kh2 Rc2 35. Kg1 Rc1+ 36. Kh2 Rc2 37. Kg1 1/2-1/2

[Event "Chess24 Banter Blitz Cup"]
[Site "chess24.com INT"]
[Date "2019.10.01"]
[Round "1.2"]
[White "Ramirez, Alej"]
[Black "Delgado Ramirez, N."]
[Result "1-0"]
[WhiteElo "2589"]
[BlackElo "2615"]
[PlyCount "93"]
[EventDate "2019.09.25"]
[EventType "k.o. (blitz)"]
[EventRounds "7"]
[SourceTitle "The Week in Chess 1301"]
[Source "Mark Crowther"]
[SourceDate "2019.10.14"]
[SourceVersion "2"]
[SourceVersionDate "2019.10.21"]
[SourceQuality "2"]

1. d4 Nf6 2. c4 e6 3. Nc3 Bb4 4. Qc2 d6 5. e4 Bxc3+ 6. bxc3 e5 7. Bd3 Nc6 8.
Ne2 b6 9. O-O Bb7 10. f4 Nd7 11. Rb1 Qe7 12. Be3 O-O 13. Ng3 g6 14. Qf2 f6 15.
h4 Na5 16. c5 dxc5 17. dxc5 exf4 18. Qxf4 Nxc5 19. Rbd1 Nxd3 20. Rxd3 Ba6 21.
Rdd1 Bxf1 22. Rxf1 Qe5 23. Qg4 Qxc3 24. Bh6 Rf7 25. h5 g5 26. Nf5 Kh8 27. Rf3
Qc5+ 28. Kh2 Nc6 29. Qg3 Qe5 30. Rc3 Qxg3+ 31. Kxg3 Ne5 32. Ne3 c5 33. Nd5 Re8
34. Rc1 Nc6 35. Rf1 Re5 36. Nxf6 Nd4 37. Rf2 Ne6 38. Ng4 Rxf2 39. Nxe5 Re2 40.
Nf3 Rxe4 41. Bxg5 Nxg5 42. Nxg5 Re3+ 43. Kf4 Ra3 44. Nf7+ Kg7 45. Ne5 Rxa2 46.
Ng4 Rxg2 47. h6+ 1-0

[Event "Chess24 Banter Blitz Cup"]
[Site "chess24.com INT"]
[Date "2019.10.01"]
[Round "1.3"]
[White "Delgado Ramirez, N."]
[Black "Ramirez, Alej"]
[Result "1-0"]
[WhiteElo "2615"]
[BlackElo "2589"]
[PlyCount "47"]
[EventDate "2019.09.25"]
[EventType "k.o. (blitz)"]
[EventRounds "7"]
[SourceTitle "The Week in Chess 1301"]
[Source "Mark Crowther"]
[SourceDate "2019.10.14"]
[SourceVersion "2"]
[SourceVersionDate "2019.10.21"]
[SourceQuality "2"]

1. e4 e6 2. d4 d5 3. exd5 exd5 4. Nc3 Nf6 5. Bd3 Be7 6. Bf4 Bg4 7. f3 Bh5 8.
Qd2 O-O 9. O-O-O c6 10. g4 Bg6 11. h4 Nbd7 12. h5 Bxd3 13. Qxd3 Qa5 14. Kb1 b5
15. Nh3 Nb6 16. Ne2 Nc4 17. Nc1 Rfe8 18. Ng5 h6 19. Nxf7 Kxf7 20. Qg6+ Kf8 21.
g5 Ng8 22. gxh6 Nxh6 23. Rhg1 Qb4 24. Qxg7# 1-0

[Event "Chess24 Banter Blitz Cup"]
[Site "chess24.com INT"]
[Date "2019.10.01"]
[Round "1.4"]
[White "Ramirez, Alej"]
[Black "Delgado Ramirez, N."]
[Result "1/2-1/2"]
[WhiteElo "2589"]
[BlackElo "2615"]
[PlyCount "82"]
[EventDate "2019.09.25"]
[EventType "k.o. (blitz)"]
[EventRounds "7"]
[SourceTitle "The Week in Chess 1301"]
[Source "Mark Crowther"]
[SourceDate "2019.10.14"]
[SourceVersion "2"]
[SourceVersionDate "2019.10.21"]
[SourceQuality "2"]

1. d4 Nf6 2. c4 g6 3. Nc3 Bg7 4. e4 d6 5. Nf3 O-O 6. Be2 e5 7. O-O Nc6 8. d5
Ne7 9. b4 Ne8 10. c5 f5 11. a4 Nf6 12. Nd2 f4 13. f3 g5 14. Nc4 Ng6 15. a5 Rf7
16. Ba3 Bf8 17. cxd6 cxd6 18. Rc1 h5 19. a6 b6 20. b5 g4 21. Na2 Rg7 22. Nd2
Nh4 23. Qe1 g3 24. Rxc8 Rxc8 25. h3 Nh7 26. Kh1 Ng5 27. Rg1 Qd7 28. Bf1 Rc2 29.
Nb4 Rxd2 30. Qxd2 Nhxf3 31. gxf3 Nxf3 32. Qe2 Ng5 33. Qxh5 Nxe4 34. Kg2 Rh7 35.
Qg6+ Kh8 36. Qxe4 Qxh3+ 37. Kf3 Qh5+ 38. Kg2 Qh2+ 39. Kf3 Qh5+ 40. Kg2 Qh2+ 41.
Kf3 Qh5+ 1/2-1/2

[Event "Chess24 Banter Blitz Cup"]
[Site "chess24.com INT"]
[Date "2019.10.01"]
[Round "1.5"]
[White "Delgado Ramirez, N."]
[Black "Ramirez, Alej"]
[Result "0-1"]
[WhiteElo "2615"]
[BlackElo "2589"]
[PlyCount "68"]
[EventDate "2019.09.25"]
[EventType "k.o. (blitz)"]
[EventRounds "7"]
[SourceTitle "The Week in Chess 1301"]
[Source "Mark Crowther"]
[SourceDate "2019.10.14"]
[SourceVersion "2"]
[SourceVersionDate "2019.10.21"]
[SourceQuality "2"]

1. e4 e6 2. d4 d5 3. exd5 exd5 4. Nc3 Nf6 5. Bd3 Nc6 6. Be3 Nb4 7. Nf3 Be7 8.
a3 Nxd3+ 9. Qxd3 O-O 10. O-O-O c6 11. Ne5 Ng4 12. Nxg4 Bxg4 13. f3 Bh5 14. g4
Bg6 15. Qd2 f5 16. Kb1 fxg4 17. fxg4 Qd7 18. h3 Rae8 19. Na2 Bh4 20. Rdf1 Rxf1+
21. Rxf1 Qe7 22. Bf2 Bg5 23. Qd1 Qe2 24. Nb4 Bd2 25. Qxe2 Rxe2 26. Nd3 Bxd3 27.
cxd3 Bf4 28. Be1 g5 29. Bc3 Kf7 30. Rf3 Kg6 31. a4 h5 32. gxh5+ Kxh5 33. Ka2
Re3 34. Rxe3 Bxe3 0-1

[Event "Chess24 Banter Blitz Cup"]
[Site "chess24.com INT"]
[Date "2019.10.01"]
[Round "1.6"]
[White "Ramirez, Alej"]
[Black "Delgado Ramirez, N."]
[Result "1-0"]
[WhiteElo "2589"]
[BlackElo "2615"]
[PlyCount "63"]
[EventDate "2019.09.25"]
[EventType "k.o. (blitz)"]
[EventRounds "7"]
[SourceTitle "The Week in Chess 1301"]
[Source "Mark Crowther"]
[SourceDate "2019.10.14"]
[SourceVersion "2"]
[SourceVersionDate "2019.10.21"]
[SourceQuality "2"]

1. d4 Nf6 2. c4 g6 3. g3 Bg7 4. Bg2 O-O 5. Nf3 d6 6. O-O Nbd7 7. Nc3 e5 8. e4
exd4 9. Nxd4 Re8 10. h3 a6 11. Bg5 Rb8 12. Qd2 Ne5 13. b3 c5 14. Nc2 Bxh3 15.
f4 Bxg2 16. fxe5 Bxf1 17. exf6 Bxf6 18. Bxf6 Qxf6 19. Rxf1 Qe5 20. Kg2 b5 21.
Ne3 b4 22. Ncd5 Qxe4+ 23. Kg1 Kg7 24. Rf6 Re6 25. Qf2 Rf8 26. Rf4 Qd3 27. g4
Re4 28. Rxe4 Qxe4 29. Qf6+ Kh6 30. Qh4+ Kg7 31. Qf6+ Kh6 32. Nf5+ 1-0

[Event "Chess24 Banter Blitz Cup"]
[Site "chess24.com INT"]
[Date "2019.10.01"]
[Round "1.7"]
[White "Delgado Ramirez, N."]
[Black "Ramirez, Alej"]
[Result "0-1"]
[WhiteElo "2615"]
[BlackElo "2589"]
[PlyCount "74"]
[EventDate "2019.09.25"]
[EventType "k.o. (blitz)"]
[EventRounds "7"]
[SourceTitle "The Week in Chess 1301"]
[Source "Mark Crowther"]
[SourceDate "2019.10.14"]
[SourceVersion "2"]
[SourceVersionDate "2019.10.21"]
[SourceQuality "2"]

1. e4 e6 2. d4 d5 3. Nc3 Bb4 4. Nge2 Nc6 5. a3 Ba5 6. exd5 exd5 7. Bf4 Nf6 8.
Qd3 O-O 9. O-O-O Re8 10. f3 Ne7 11. g4 Ng6 12. Bg3 c6 13. h4 h5 14. g5 Nh7 15.
f4 Ne7 16. Bh3 Bxh3 17. Rxh3 Qd7 18. Bf2 Nf5 19. Rhh1 Nf8 20. Qf3 g6 21. Kb1
Nd6 22. Nc1 Qg4 23. Qxg4 hxg4 24. Be1 Bxc3 25. Bxc3 Nf5 26. Rdg1 g3 27. Nd3 Re3
28. h5 gxh5 29. Rxh5 Ng6 30. Ne5 Re8 31. Nxg6 fxg6 32. Rh3 Rf3 33. Ka2 Rxf4 34.
Rgh1 Kf7 35. Rh7+ Ke6 36. Rxb7 Re7 37. Rxe7+ Kxe7 0-1